Alle US-Bundesstaaten buchstabiert - Statistiken

Allgemein
  • Dieses Quiz wurde 794 mal gespielt
    770 seit der letzten Aktualisierung
  • Das Durchschnittsergebnis liegt bei 37 aus 50
Antworten auf der Karte
Die Antworten werden auf der Karte rot bzw. grün angezeigt, abhängig davon wie oft sie richtig erraten wurden.
 
Antwortstatistiken
Tipp Antwort % Korrekt
A Alaska
96%
T Texas
96%
F Florida
94%
K Kalifornien
94%
N New York
93%
W Washington
93%
A Alabama
90%
H Hawaii
88%
N North Dakota
86%
S South Dakota
86%
U Utah
83%
A Arkansas
81%
N Nevada
81%
O Ohio
80%
N North Carolina
79%
S South Carolina
79%
G Georgia
77%
I Idaho
77%
I Indiana
77%
A Arizona
76%
N New Mexico
76%
V Virginia
76%
C Colorado
75%
I Illinois
74%
K Kansas
74%
M Mississippi
74%
K Kentucky
71%
M Maine
71%
M Michigan
71%
N Nebraska
70%
N New Jersey
70%
O Oregon
70%
P Pennsylvania
70%
W West Virginia
70%
D Delaware
69%
O Oklahoma
69%
W Wyoming
69%
L Louisiana
67%
I Iowa
66%
R Rhode Island
66%
V Vermont
64%
M Montana
63%
M Minnesota
62%
T Tennessee
62%
C Connecticut
61%
M Massachusetts
61%
M Maryland
60%
N New Hampshire
60%
W Wisconsin
59%
M Missouri
57%
Keine übereinstimmenden Quizze gefunden
Verteilung der Resultate
Anzahl Personen mit jedem Resultat
Perzentil nach korrekt beantworteten Fragen
Ihre Resultats-Entwicklung
Sie haben dieses Quiz seit der letzten Aktualisierung nicht gespielt